| 000 | 00372nam a22001337a 4500 | ||
|---|---|---|---|
| 020 | _a9690018922 | ||
| 040 | _cNUST | ||
| 082 |
_a358.40095491 _bKai |
||
| 100 |
_aTufail Kaiser _9124548 |
||
| 245 | _aGreat Air Battles of Pakistan Air Force | ||
| 260 |
_aLahore: _bFerozsons Pvt Ltd; _c2005. |
||
| 650 |
_aGreat Air Battles of Pakistan Air Force _9124549 |
||
| 942 |
_2ddc _cBK |
||
| 999 |
_c610374 _d610374 |
||